[Event "AUTO-OPEN-1009"]
[Site "http://www.queenalice.com/game.php?id=438466"]
[Date "2008.7.24"]
[Round "2"]
[White "SuperMouse"]
[Black "diego2907"]
[Result "1-0"]
[WhiteElo "2155"]
[BlackElo "1593"]

1. d4 d5 2. c4 e6 3. Nc3 Bb4 4. Nf3 Bxc3+ 5. bxc3 dxc4 6. e4 b5 7. a4 c6 8. Be2
Qa5 9. O-O Qb6 10. Ba3 Nd7 11. Qc2 Ne7 12. Rfb1 h6 13. Nd2 Nf6 14. axb5 cxb5 15.
Nxc4 Qa6 16. Bxe7 Qc6 17. Bxf6 gxf6 18. Rxb5 Ba6 19. Rc5 Qd7 20. Rxa6 Rg8 21.
Rd6 Qe7 22. Qa4+ Kf8 23. Rd7 Qe8 24. Nd6 Qb8 25. Rxf7# 1-0

[Event "AUTO-ADV-727"]
[Site "http://www.queenalice.com/game.php?id=456953"]
[Date "2008.9.1"]
[Round "3"]
[White "SuperMouse"]
[Black "razoman"]
[Result "1-0"]
[WhiteElo "2147"]
[BlackElo "2024"]

1. d4 d5 2. c4 c6 3. Nf3 Bg4 4. Ne5 Be6 5. cxd5 Bxd5 6. e4 Bxe4 7. Qb3 e6 8.
Qxb7 Ne7 9. Qxa8 Qb6 10. Nc3 Bd5 11. a4 a5 12. Bd2 f6 13. Nxd5 Nxd5 14. Nxc6
Qxb2 15. Qxb8+ Qxb8 16. Nxb8 Bd6 17. Bb5+ Kf7 18. Nd7 Bc7 19. O-O Rd8 20. Rfe1
Nb4 21. Bxb4 axb4 22. Nc5 Rxd4 23. Nxe6 1-0

[Event "AUTO-ADV-727"]
[Site "http://www.queenalice.com/game.php?id=456954"]
[Date "2008.9.1"]
[Round "3"]
[White "razoman"]
[Black "SuperMouse"]
[Result "0-1"]
[WhiteElo "1930"]
[BlackElo "2155"]

1. e4 e5 2. Nf3 Nc6 3. Bb5 a6 4. Bxc6 dxc6 5. h3 Nf6 6. d3 Bd6 7. O-O O-O 8. Bg5
h6 9. Bh4 Re8 10. Nbd2 b5 11. Re1 Qe7 12. Nf1 Bd7 13. Ne3 Qe6 14. Nf5 Bb4 15. c3
Bf8 16. Qd2 c5 17. Bg3 Bd6 18. N3h4 Nh5 19. Bh2 Qf6 20. g3 Bf8 21. g4 g6 22.
Nxh6+ Bxh6 23. Qxh6 Qxh4 24. gxh5 Bxh3 25. Bg3 Qxh5 26. Qxh5 gxh5 27. f3 f6 28.
Kf2 Be6 29. Rh1 Bf7 30. Bh4 Re6 31. Rhg1+ Kf8 32. Rg2 Rd8 33. Ke3 Rc6 34. b3 Ke7
35. Rg7 Rcd6 36. Rd1 a5 37. Bg3 Kf8 38. Rh7 Kg8 39. Rxf7 Kxf7 40. f4 Rg8 41. Kf3
c4 42. fxe5 Rxd3+ 43. Rxd3 Rxg3+ 44. Kxg3 cxd3 45. Kf3 fxe5 46. Ke3 h4 47. Kxd3
h3 48. Ke2 h2 0-1

[Event "AUTO-OPEN-819"]
[Site "http://www.queenalice.com/game.php?id=466993"]
[Date "2008.9.23"]
[Round "3"]
[White "schwam"]
[Black "SuperMouse"]
[Result "0-1"]
[WhiteElo "1982"]
[BlackElo "2189"]

1. e4 e5 2. Nf3 Nc6 3. Bb5 a6 4. Ba4 Nf6 5. O-O Nxe4 6. d4 b5 7. Bb3 d5 8. dxe5
Be6 9. c3 Be7 10. Nbd2 O-O 11. Qe2 Nc5 12. Bc2 d4 13. cxd4 Nxd4 14. Nxd4 Qxd4
15. Nf3 Qg4 16. h3 Qh5 17. Qe3 Bd5 18. Nd4 g6 19. Bd1 Qh4 20. Bg4 f5 21. g3 f4
22. Qxf4 Rxf4 23. Bxf4 Rf8 24. Rfd1 Rxf4 25. gxh4 h5 26. Ne2 Rb4 27. Rxd5 hxg4
28. b3 Ne6 29. Rc1 gxh3 30. Rc6 Rg4+ 31. Kh2 Kf7 32. Rxa6 Rg2+ 33. Kxh3 Rxf2 34.
Nc3 Rf3+ 35. Kg4 Rxc3 36. Rxb5 Nd4 37. Rd5 Ne2 38. e6+ Kg7 0-1

[Event "AUTO-OPEN-819"]
[Site "http://www.queenalice.com/game.php?id=466994"]
[Date "2008.9.23"]
[Round "3"]
[White "SuperMouse"]
[Black "schwam"]
[Result "1-0"]
[WhiteElo "2183"]
[BlackElo "1990"]

1. d4 Nf6 2. c4 g6 3. Nc3 Bg7 4. e4 d6 5. Nf3 O-O 6. Be2 e5 7. O-O Nc6 8. d5 Ne7
9. Ne1 Nd7 10. f3 f5 11. Nd3 f4 12. Bd2 Nf6 13. c5 g5 14. cxd6 cxd6 15. Be1 Bd7
16. Bf2 b5 17. Qb3 a6 18. a4 bxa4 19. Nxa4 Qb8 20. Qa3 Nc8 21. Nb4 Bb5 22. Rfe1
g4 23. Nc6 Qb7 24. Nc3 Bxe2 25. Rxe2 gxf3 26. gxf3 Qd7 27. Kh1 Qh3 28. Na4 Rf7
29. Nd8 Rc7 30. Ne6 Rd7 31. Rg1 Raa7 32. Bxa7 Nxa7 33. Nxg7 Rxg7 34. Rxg7+ Kxg7
35. Rg2+ Kf7 36. Qxd6 Qxf3 37. Qe6+ Kf8 38. Qxf6+ Ke8 39. h4 1-0

[Event "AUTO-MASTER-482"]
[Site "http://www.queenalice.com/game.php?id=491227"]
[Date "2008.11.10"]
[Round "2"]
[White "mariolusena"]
[Black "SuperMouse"]
[Result "1-0"]
[WhiteElo "2403"]
[BlackElo "2205"]

1. d4 d5 2. c4 c6 3. Nf3 Nf6 4. e3 Bf5 5. Nc3 Nbd7 6. Qb3 Qb6 7. cxd5 Nxd5 8. e4
Nxc3 9. exf5 Nd5 10. Bd3 g6 11. O-O gxf5 12. Bxf5 e6 13. Bd3 h5 14. Re1 Be7 15.
Re2 Qxb3 16. axb3 Kf8 17. Bd2 Kg7 18. g3 Bb4 19. Bg5 Be7 20. h4 a5 21. Kf1 Bd6
22. Nd2 Bc7 23. Kg2 Nb4 24. Bb1 Nf6 25. Ne4 Nxe4 26. Rxe4 Nd5 27. Bc2 1-0

[Event "AUTO-MASTER-482"]
[Site "http://www.queenalice.com/game.php?id=491228"]
[Date "2008.11.10"]
[Round "2"]
[White "SuperMouse"]
[Black "mariolusena"]
[Result "0-1"]
[WhiteElo "2199"]
[BlackElo "2407"]

1. d4 d5 2. c4 c6 3. Nf3 Nf6 4. Nc3 dxc4 5. e4 b5 6. e5 Nd5 7. Be2 Na6 8. a4
Nac7 9. O-O e6 10. Ne4 Be7 11. Bd2 O-O 12. axb5 cxb5 13. b3 Nb6 14. bxc4 Nxc4
15. Bxc4 bxc4 16. Qc2 Bb7 17. Neg5 g6 18. Qxc4 a6 19. Rfe1 Qd7 20. Qd3 Qb5 21.
Qc2 Rfc8 22. Rab1 Qc6 23. Qd3 Nb5 24. Rbc1 Qd5 25. Ne4 Rxc1 26. Bxc1 Rc8 27. Bd2
Rc4 0-1

[Event "AUTO-MASTER-965"]
[Site "http://www.queenalice.com/game.php?id=688796"]
[Date "2009.11.25"]
[Round "1"]
[White "hjs"]
[Black "SuperMouse"]
[Result "1-0"]
[WhiteElo "2256"]
[BlackElo "2212"]

1. e4 c5 2. Nf3 d6 3. d4 cxd4 4. Nxd4 Nf6 5. Nc3 g6 6. g3 Nc6 7. Nde2 Bg7 8. Bg2
O-O 9. O-O Rb8 10. a4 Bd7 11. b3 Nb4 12. Nb5 Rc8 13. Nxa7 Rxc2 14. Bd2 Bg4 15.
Re1 Nd7 16. Rb1 Qb6 17. Bxb4 Rxe2 18. Rxe2 Qxb4 19. f3 Qb6+ 20. Kh1 Be6 21. Nb5
Nc5 22. Bf1 Ra8 23. Ra2 Na6 24. Qd2 Rc8 25. Rc2 Rxc2 26. Qxc2 d5 27. b4 Qe3 28.
Qe2 Qxe2 29. Bxe2 dxe4 30. fxe4 Be5 31. Kg2 Kg7 32. Na3 f5 33. Bxa6 1-0

[Event "AUTO-MASTER-965"]
[Site "http://www.queenalice.com/game.php?id=688797"]
[Date "2009.11.25"]
[Round "1"]
[White "SuperMouse"]
[Black "hjs"]
[Result "0-1"]
[WhiteElo "2212"]
[BlackElo "2280"]

1. d4 d5 2. c4 e6 3. Nc3 Nf6 4. Nf3 Be7 5. Bf4 O-O 6. e3 c5 7. dxc5 Bxc5 8. Qc2
Nc6 9. O-O-O Qa5 10. Be2 Bb4 11. Rhe1 Bxc3 12. Qxc3 Qxa2 13. Qa3 Qxa3 14. bxa3
Bd7 15. Kb2 dxc4 16. Bxc4 Rac8 17. Bd3 Nd5 18. Bg3 Nb6 19. Rc1 f6 20. h3 e5 21.
Red1 Na5 22. Kb1 Be6 23. Nd2 Rxc1+ 24. Rxc1 Rd8 25. Kc2 Na4 26. Re1 Rc8+ 27. Kd1
Rc3 28. Ke2 Rxa3 29. Ne4 Nb3 30. f3 f5 31. Ng5 Nbc5 0-1

[Event "AUTO-MASTER-965"]
[Site "http://www.queenalice.com/game.php?id=688810"]
[Date "2009.11.25"]
[Round "1"]
[White "technicaldraw"]
[Black "SuperMouse"]
[Result "0-1"]
[WhiteElo "2089"]
[BlackElo "2203"]

1. e4 c5 2. Nf3 d6 3. d4 cxd4 4. Nxd4 Nf6 5. Nc3 a6 6. f3 e5 7. Nb3 Be6 8. Be3
Be7 9. Qd2 O-O 10. O-O-O b5 11. g4 b4 12. Nd5 Bxd5 13. exd5 a5 14. Kb1 Nbd7 15.
g5 Nh5 16. Bb5 a4 17. Nc1 a3 18. b3 Rb8 19. Bc6 Nc5 20. Rhg1 Qa5 21. Rg4 g6 22.
Rc4 Na6 23. Nd3 f5 24. gxf6 Nxf6 25. Rg1 Nxd5 26. Bxd5+ Qxd5 27. f4 Rf5 28. fxe5
dxe5 29. Qg2 Qxg2 30. Rxg2 Rf1+ 31. Nc1 Rd8 32. Rc6 Rd6 33. Rxd6 Bxd6 34. Rd2
Bc7 35. Bh6 Nc5 36. Rd5 Ne6 37. Rd7 e4 38. Re7 Bf4 39. Bxf4 Nxf4 40. Rxe4 Nd5
0-1

[Event "AUTO-MASTER-965"]
[Site "http://www.queenalice.com/game.php?id=688811"]
[Date "2009.11.25"]
[Round "1"]
[White "SuperMouse"]
[Black "technicaldraw"]
[Result "1-0"]
[WhiteElo "2195"]
[BlackElo "2060"]

1. d4 Nf6 2. c4 e6 3. Nc3 Bb4 4. e3 O-O 5. Nf3 c5 6. Bd3 d5 7. O-O Nc6 8. a3
Bxc3 9. bxc3 dxc4 10. Bxc4 Qc7 11. Rb1 Rd8 12. Qc2 Na5 13. Bd3 c4 14. Be2 Bd7
15. Ne5 Rac8 16. e4 b5 17. Bg5 h6 18. Bxf6 gxf6 19. Ng4 Qf4 20. g3 Qg5 21. e5 f5
22. Nf6+ Kh8 23. f4 Qg7 24. Nxd7 Rxd7 25. Rxb5 Rd5 26. Rxd5 exd5 27. Qxf5 Rb8
28. Bh5 1-0

[Event "AUTO-MASTER-965"]
[Site "http://www.queenalice.com/game.php?id=688818"]
[Date "2009.11.25"]
[Round "1"]
[White "paulogaspar"]
[Black "SuperMouse"]
[Result "0-1"]
[WhiteElo "1983"]
[BlackElo "2212"]

1. e4 c5 2. f4 e6 3. Nf3 d5 4. e5 Ne7 5. b3 Nbc6 6. Be2 Bd7 7. O-O Ng6 8. d4 Be7
9. Be3 cxd4 10. Nxd4 Bc5 11. Qd2 Qb6 12. c3 O-O 13. b4 Nxd4 14. Bxd4 Bxd4+ 15.
cxd4 Ne7 16. g4 h5 17. a4 Nc6 18. a5 Qxd4+ 19. Qxd4 Nxd4 20. Bf3 hxg4 21. Bxg4
Nc2 22. Ra2 Ne3 23. Bh3 Nxf1 24. Bxf1 f6 25. Rg2 fxe5 26. fxe5 Rac8 27. Nd2 Rc1
28. h4 Rf4 29. Rf2 Rg4+ 30. Kh2 Rxh4+ 31. Kg3 Rxb4 32. Bg2 Rc2 33. Nf3 Rxf2 34.
Kxf2 Ra4 35. Ng5 Kf8 36. Bh3 Ke7 0-1

[Event "AUTO-MASTER-965"]
[Site "http://www.queenalice.com/game.php?id=688819"]
[Date "2009.11.25"]
[Round "1"]
[White "SuperMouse"]
[Black "paulogaspar"]
[Result "1-0"]
[WhiteElo "2217"]
[BlackElo "1993"]

1. d4 e6 2. c4 Bb4+ 3. Bd2 Qe7 4. g3 Nc6 5. Nf3 Nf6 6. Bg2 Ne4 7. O-O Bxd2 8.
Nbxd2 Nxd2 9. Qxd2 Qb4 10. Qxb4 Nxb4 11. a3 Nc6 12. d5 Ne7 13. Nd4 O-O 14. Nb5
c6 15. d6 cxb5 16. dxe7 Re8 17. cxb5 Rxe7 18. e4 d6 19. Rfd1 Rd7 20. Rd4 Kf8 21.
Rad1 Ke7 22. Rc1 b6 23. e5 d5 24. Rg4 g6 25. Rh4 h5 26. Kf1 Bb7 27. Ke2 Rdd8 28.
Rc7+ Rd7 29. Rxd7+ Kxd7 30. Ke3 Rc8 31. Bf1 Rc2 32. Rf4 Ke7 33. Ra4 Kd8 34. Rxa7
Kc8 35. Ra4 Rxb2 36. Rf4 Rb3+ 37. Bd3 Rxa3 38. Rxf7 Ra1 39. Bxg6 Re1+ 40. Kd2
Rb1 41. Bxb1 1-0